Word Hijackers #1 - Statistics

General Stats
  • This quiz has been taken 226 times
  • The average score is 14 of 19
Answer Stats
Hint Answer % Correct
Apartment, to a Brit Flat
93%
Piece of broken glass Shard
92%
To have buoyancy Float
91%
Stalk of a flower Stem
90%
Kettle emission Steam
89%
To formally quit Resign
88%
To rule over a kingdom Reign
87%
Distributed to others Shared
85%
In one's birthday suit Nude
76%
To push gently Nudge
73%
Groom-to-be Fiancé
72%
Supply funding for Finance
68%
Greek oracle site Delphi
62%
State of India Delhi
61%
Lowly feudal worker Serf
58%
Of the sea Marine
54%
Font embellishment Serif
53%
Quebec neighbor Maine
52%
Country Singapore
33%
No matching quizzes found
Score Distribution
Percent of People with Each Score
Percentile by Number Answered
Your Score History
You have not taken this quiz